Missing Word: Musical Matinee Quiz Stats

 Plays Quiz Updated Feb 20, 2015

Challenge
Share
Tweet
Embed
Score 0/18 Timer 02:00
0 Plays Today
Tony-Winning Musical Missing Word % Correct
___ MisérablesLes
97.3%
The ___ of the OperaPhantom
96.6%
The ___ and IKing
93.4%
42nd ___Street
90.1%
___, Dolly!Hello
86.8%
___ PacificSouth
81.6%
The Music ___Man
77.3%
How to Succeed in ___ Without Really TryingBusiness
75.5%
The ___ KingLion
75.2%
Tony-Winning Musical Missing Word % Correct
Sunset ___Boulevard
70.1%
Damn ___Yankees
68.6%
___ Misbehavin'Ain't
67.8%
A ___ LineChorus
64.5%
Monty Python's ___Spamalot
48.5%
Two ___ of VeronaGentlemen
45.1%
___ AwakeningSpring
35.4%
The Will ___ FolliesRogers
28%
___ the HeightsIn
27.7%

Today's Daily Dose

Missing Word
'F' Pairs

Word Ladder
Mixed Synonyms

On This Day
August 15th II

You're not logged in!

Compare scores with friends on all Sporcle quizzes.
Join for Free
OR
Log In

You Might Also Like...

Show Comments

Extras

Top Quizzes Today


Score Distribution

Your Account Isn't Verified!

In order to create a playlist on Sporcle, you need to verify the email address you used during registration. Go to your Sporcle Settings to finish the process.

Report this User

Report this user for behavior that violates our Community Guidelines.

Details: